| 000 | 00983nam a22002537a 4500 | ||
|---|---|---|---|
| 005 | 20210615142651.0 | ||
| 008 | 210430b ag ||||| |||| 00| 0 spa d | ||
| 020 | _a9505741499 | ||
| 050 | 0 | 4 |
_aKHA3022 _bD44 2001 |
| 240 | 0 | 0 | _aLeyes y códigos |
| 245 | 0 | 3 |
_aLa defensa de la intimidad y de los datos personales a traves del habeas data _c/ Osvaldo Alfredo Gozaíni coordinador , Marcela Basterra...[et al.]. |
| 250 | _a1a ed. | ||
| 260 |
_aBuenos Aires, Argentina : _bEdiar : _bSociedad Anónima Editora, Comercial, Industrial y Financiera, _c2001 |
||
| 300 |
_a487 p. ; _c21 cm. |
||
| 505 | _aIncluye bibliografía | ||
| 650 | 4 |
_aPrivacidad _xLegislación _zArgentina |
|
| 650 | 7 |
_2lemb _aLibertad a la información _zArgentina |
|
| 650 | 7 |
_2lemb _aPtotección de datos |
|
| 700 | 1 |
_aGozaini, Osvaldo Alfredo _ecoordinador |
|
| 700 | 1 |
_aBasterra, Marcela _eautor |
|
| 700 | 1 |
_aValle Díaz de Ubeid, Laticia del, _eautor |
|
| 700 | 1 |
_aDubie, Pedro _eautor |
|
| 942 |
_2lcc _cLIB |
||
| 999 |
_c155653 _d155651 |
||